[Event "Open 13 2011/2012"]
[Site "Vitrolles"]
[Date "2011.11.05"]
[Round "2"]
[White "Flores, Antonio"]
[Black "Tchifteyan, Philippe"]
[Result "0-1"]
[WhiteElo "1640"]
[BlackElo "1661"]
[PlyCount "98"]

1. d4 d5 2. c4 c6 3. Nf3 Nf6 4. Nc3 Bf5 5. Bg5 e6 6. cxd5 exd5 7. e3 Nbd7 8.
Bd3 Bxd3 9. Qxd3 Be7 10. h3 Qc7 11. e4 dxe4 12. Nxe4 O-O 13. O-O h6 14. Bh4
Rfe8 15. Rae1 Bb4 16. Nxf6+ Nxf6 17. Rxe8+ Nxe8 18. a3 Bd6 19. Bg3 Bxg3 20.
fxg3 Qxg3 21. Qc4 Nd6 22. Qb3 Re8 23. Qb4 Re2 24. Ne1 Nf5 25. Qxb7 g6 26. Qc8+
Kg7 27. Qxc6 Rxe1 28. Rxe1 Qxe1+ 29. Kh2 Qg3+ 30. Kg1 Qe3+ 31. Kh2 Qxd4 32. b4
Ne3 33. Qf3 Qd3 34. Qf4 Qxa3 35. Qe5+ Kh7 36. Qf4 Qb3 37. Qf2 Qe6 38. b5 Qe7
39. Kh1 Nf5 40. Qa2 Nd6 41. Qb3 Qb7 42. b6 axb6 43. Kg1 b5 44. Kh1 Nf5 45. Kh2
b4 46. Kg1 Nd4 47. Qc4 Ne6 48. Qb3 Nf4 49. Qb2 Qxg2+ 0-1

[Event "Open 13 2011/2012"]
[Site "Vitrolles"]
[Date "2011.11.26"]
[Round "3"]
[White "Cescon, Moreno"]
[Black "Montanelli, Tristan"]
[Result "0-1"]
[WhiteElo "1850"]
[BlackElo "1704"]
[PlyCount "84"]

1. e4 Nf6 2. e5 Nd5 3. c4 Nb6 4. b3 g6 5. d4 d6 6. exd6 cxd6 7. Nf3 Bg7 8. Bb2
Bg4 9. Be2 Nc6 10. Qd2 d5 11. c5 Nd7 12. O-O O-O 13. Na3 Re8 14. h3 Bxf3 15.
Bxf3 Nf6 16. Nc2 a6 17. a4 Na5 18. Qb4 Qc7 19. Rac1 Rac8 20. Rfe1 Nc6 21. Qc3
b6 22. cxb6 Qxb6 23. Qd3 Rb8 24. Ne3 e6 25. Re2 Nd7 26. Rd2 Na5 27. Bd1 Nc6 28.
h4 Nf6 29. Rdc2 Nb4 30. Qd2 Ne4 31. Qe2 Nxc2 32. Bxc2 Bxd4 33. Bxd4 Qxd4 34.
Qxa6 Nxf2 35. Kxf2 Qd2+ 36. Qe2 Qxc1 37. h5 Rbc8 38. hxg6 fxg6 39. Qg4 Rxc2+
40. Nxc2 Qxc2+ 41. Kg3 Qxb3+ 42. Kh4 Qc4 0-1

[Event "Open 13 2011/2012"]
[Site "Vitrolles"]
[Date "2011.11.26"]
[Round "3"]
[White "Navarro, Bertrand"]
[Black "Dudognon, Thibault"]
[Result "1/2-1/2"]
[WhiteElo "1687"]
[BlackElo "1787"]
[PlyCount "116"]
[EventDate "2011.??.??"]

1. e4 c5 2. Na3 Nc6 3. Bb5 Nf6 4. Bxc6 bxc6 5. e5 Nd5 6. Nf3 Ba6 7. d3 e6 8.
O-O Be7 9. Re1 O-O 10. Nc4 Bxc4 11. dxc4 Nb6 12. b3 a5 13. a4 d5 14. exd6 Bxd6
15. Bb2 Qc7 16. Be5 Bxe5 17. Nxe5 Rfe8 18. Qe2 f6 19. Nd3 Nd7 20. Rad1 e5 21.
Qe4 Re7 22. f4 Rae8 23. f5 h6 24. Re3 Qb6 25. Ne1 Nb8 26. Rdd3 Qc7 27. Nf3 Rd7
28. Rxd7 Nxd7 29. Nh4 Nf8 30. Ng6 Nxg6 31. fxg6 Rd8 32. Rd3 Rd6 33. Qf5 Rxd3
34. Qe6+ Kf8 35. cxd3 Qb7 36. Kf2 Qc7 37. Ke3 e4 38. Kxe4 Qe7 39. Kf5 Qc7 40.
Ke4 Qe7 41. Kf5 Qc7 42. h3 h5 43. g3 Qb7 44. Qd6+ Ke8 45. Qe6+ Kf8 46. Qd6+ Ke8
47. Qe6+ Kf8 48. g4 hxg4 49. Kxg4 Qe7 50. Kf5 Qc7 51. h4 Qb7 52. Qd6+ Ke8 53.
Qe6+ Kf8 54. Qd6+ Ke8 55. Qe6+ Kf8 56. h5 Qc7 57. Kg4 f5+ 58. Kxf5 Qf4+ 1/2-1/2

[Event "Open 13 2011/2012"]
[Site "Vitrolles"]
[Date "2011.11.26"]
[Round "3"]
[White "Madranges, Jean"]
[Black "Girard, Jean-Pierre"]
[Result "1-0"]
[WhiteElo "1811"]
[BlackElo "1876"]
[PlyCount "33"]

1. e4 c5 2. Nc3 Nc6 3. Bb5 d6 4. Bxc6+ bxc6 5. f4 e6 6. Nf3 Nf6 7. O-O Be7 8.
d3 Rb8 9. b3 d5 10. e5 Nd7 11. Bb2 O-O 12. Qe1 Nb6 13. Qg3 c4 14. Ne2 cxd3 15.
cxd3 Nd7 16. f5 exf5 17. e6 1-0

[Event "Open 13 2011/2012"]
[Site "Vitrolles"]
[Date "2011.11.26"]
[Round "3"]
[White "Nari, Alain"]
[Black "Saada, Claude"]
[Result "1/2-1/2"]
[WhiteElo "1770"]
[BlackElo "1812"]
[PlyCount "126"]

1. e4 c5 2. Nc3 d6 3. Bc4 Nf6 4. d3 e6 5. f4 Be7 6. Nf3 O-O 7. O-O a6 8. a4 Nc6
9. Ne2 d5 10. exd5 exd5 11. Bb3 Bd6 12. Nc3 Bc7 13. Bd2 Bg4 14. Qe1 Qd7 15. Qg3
Nh5 16. Qh4 Bd8 17. Qf2 c4 18. dxc4 dxc4 19. Bxc4 Bxf3 20. gxf3 Bf6 21. Rad1
Qd4 22. Qxd4 Bxd4+ 23. Kg2 Bxc3 24. bxc3 Rfe8 25. Rb1 Rad8 26. Bd3 Re7 27. Rfe1
Rdd7 28. Rxe7 Rxe7 29. Be4 Nd8 30. f5 h6 31. Be1 g5 32. fxg6 fxg6 33. Bg3 Nxg3
34. hxg3 Kg7 35. Rb6 Re6 36. Rxe6 Nxe6 37. Bxb7 a5 38. Bc6 Kf6 39. Kf2 g5 40.
Bb5 Ke5 41. Ke3 Nc5 42. c4 Ne6 43. c3 Nc5 44. Kf2 Nd3+ 45. Ke3 Nc5 46. f4+
gxf4+ 47. gxf4+ Kf5 48. Kf3 h5 49. Kg3 h4+ 50. Kxh4 Kxf4 51. Kh5 Ke5 52. Kg5
Ne4+ 53. Kg4 Nxc3 54. Kf3 Kd4 55. Kf2 Ne4+ 56. Ke2 Nd6 57. Kd2 Nxc4+ 58. Kc1
Kc3 59. Kb1 Nd2+ 60. Ka2 Kb4 61. Be8 Ne4 62. Bd7 Nc3+ 63. Ka1 Ka3 1/2-1/2

[Event "Open 13 2011/2012"]
[Site "Vitrolles"]
[Date "2011.11.26"]
[Round "3"]
[White "Israel, Daniel"]
[Black "Jean, Nicolas"]
[Result "0-1"]
[WhiteElo "1837"]
[BlackElo "1805"]
[PlyCount "74"]

1. d4 Nf6 2. c4 e6 3. Nf3 b6 4. Nc3 Bb7 5. e3 Ne4 6. Nxe4 Bxe4 7. a3 d6 8. Bd3
Bb7 9. b4 g6 10. Rb1 Bg7 11. a4 Nd7 12. Bb2 O-O 13. O-O c5 14. bxc5 bxc5 15.
Ba1 Qc7 16. Qe2 Bc6 17. Bc2 Bxf3 18. Qxf3 cxd4 19. Rb7 Qxc4 20. Rxd7 Qxc2 21.
exd4 d5 22. a5 Qa4 23. Rb7 Bxd4 24. Bxd4 Qxd4 25. Qb3 a6 26. Rb1 Rac8 27. Rb6
Qd2 28. Qa3 Rc3 29. Qa1 Rc2 30. Rf1 Rfc8 31. h3 Qe2 32. Kh2 e5 33. Rf6 d4 34.
Re1 Qb5 35. Rb6 Qd5 36. Rxa6 Rxf2 37. Rg1 Rcc2 0-1

[Event "Open 13 2011/2012"]
[Site "Vitrolles"]
[Date "2011.11.26"]
[Round "3"]
[White "Panagiotopoulos, Christos"]
[Black "Faure, Alexandre"]
[Result "1-0"]
[WhiteElo "1820"]
[BlackElo "1742"]
[PlyCount "113"]

1. e4 e6 2. d4 d5 3. exd5 exd5 4. Nf3 Nc6 5. Bd3 Bd6 6. O-O Nge7 7. h3 h6 8. c3
Be6 9. Re1 Qd7 10. b4 O-O-O 11. b5 Na5 12. Nbd2 Kb8 13. a4 g5 14. Ne5 Qc8 15.
Nb3 Nxb3 16. Qxb3 f6 17. Nc6+ Nxc6 18. bxc6 b6 19. a5 Rdg8 20. axb6 cxb6 21.
Ba6 Qxc6 22. Rxe6 Bh2+ 23. Kxh2 Qxe6 24. c4 Qd6+ 25. Kg1 dxc4 26. Bxc4 Re8 27.
Ba3 Qd8 28. Bf7 Re4 29. d5 f5 30. Be6 Re8 31. Bxf5 Qf6 32. Bxe4 Qxa1+ 33. Kh2
Qe5+ 34. Kg1 Qxe4 35. Bd6+ Kb7 36. Qb5 Rg8 37. f3 Qe8 38. Qc4 Qd7 39. Bg3 h5
40. d6 Rc8 41. Qd5+ Ka6 42. Qxg5 Rc5 43. Qe7 Rc1+ 44. Kh2 Qb5 45. d7 Qf1 46.
Qa3+ Kb5 47. Qxc1 Qxc1 48. d8=Q a5 49. Qd5+ Qc5 50. Qxc5+ bxc5 51. Be5 c4 52.
g4 hxg4 53. fxg4 Kb4 54. g5 c3 55. Bxc3+ Kxc3 56. g6 a4 57. g7 1-0

[Event "Open 13 2011/2012"]
[Site "Vitrolles"]
[Date "2011.11.26"]
[Round "3"]
[White "Beraud, Robert"]
[Black "Bertrand, Alexandre"]
[Result "1/2-1/2"]
[WhiteElo "1810"]
[BlackElo "1645"]
[PlyCount "113"]
[EventDate "2011.??.??"]

1. e4 Nf6 2. e5 Nd5 3. d4 d6 4. Nf3 Bg4 5. c4 Nb6 6. Be2 Nc6 7. exd6 exd6 8.
O-O Be7 9. b3 Bf6 10. Bb2 O-O 11. Re1 Re8 12. Nbd2 Bf5 13. a3 Ne7 14. Nf1 Bg6
15. Bd3 Bxd3 16. Qxd3 Ng6 17. Ne3 Qd7 18. Rad1 Rad8 19. a4 c6 20. g3 Qh3 21.
Ng2 Re6 22. Rxe6 Qxe6 23. a5 Nd7 24. Re1 Qh3 25. Bc3 Ndf8 26. Bd2 Qd7 27. d5 c5
28. Nf4 Nxf4 29. Bxf4 Ng6 30. Bd2 Re8 31. Rxe8+ Qxe8 32. Qe3 Qxe3 33. Bxe3 Bc3
34. Bd2 Bxd2 35. Nxd2 Ne5 36. f4 Nd3 37. Ne4 Nc1 38. Nxd6 Nxb3 39. Nxb7 Kf8 40.
Kf2 Nd2 41. Ke2 Nxc4 42. Kd3 Na3 43. Nxc5 Ke7 44. Nb7 Kd7 45. Kd4 Kc7 46. Nc5
Nc2+ 47. Ke5 Ne3 48. d6+ Kc6 49. d7 Kc7 50. a6 Nf1 51. f5 Nxh2 52. Ne6+ Kxd7
53. Nxg7 Ng4+ 54. Kf4 Nf6 55. g4 h6 56. Nh5 Nxh5+ 57. gxh5 1/2-1/2

[Event "Open 13 2011/2012"]
[Site "Vitrolles"]
[Date "2011.11.26"]
[Round "3"]
[White "Mosse, Laurent"]
[Black "Savalle, Mathilde"]
[Result "0-1"]
[WhiteElo "1796"]
[BlackElo "1617"]
[PlyCount "48"]

1. e4 c5 2. Nf3 Nc6 3. d4 cxd4 4. Nxd4 Nf6 5. Nc3 d6 6. Be3 Ng4 7. Qd2 Nxe3 8.
Qxe3 g6 9. Bb5 Bd7 10. O-O Bg7 11. Nxc6 Bxc6 12. Bc4 O-O 13. Rab1 Bxc3 14. bxc3
Rc8 15. Bd5 Bxd5 16. exd5 b6 17. f4 Rc5 18. Qd3 Qc7 19. Rf3 Rc8 20. Rb3 Qb7 21.
Qf1 Qxd5 22. g4 Rxc3 23. Rfxc3 Rxc3 24. Qf2 Qd1+ 0-1

[Event "Open 13 2011/2012"]
[Site "Vitrolles"]
[Date "2011.11.26"]
[Round "3"]
[White "Charvein, Gabriel"]
[Black "Giraud, Sylvain"]
[Result "0-1"]
[WhiteElo "1721"]
[BlackElo "1770"]
[PlyCount "80"]

1. d4 g6 2. c4 c5 3. d5 e6 4. Nc3 exd5 5. cxd5 d6 6. e4 Bg7 7. f4 Qe7 8. Bb5+
Nd7 9. Nge2 Qh4+ 10. g3 Qh3 11. Kf2 Nh6 12. Qf1 Qxf1+ 13. Rxf1 a6 14. Bd3 b5
15. Rb1 O-O 16. b4 f5 17. exf5 Nxf5 18. Bxf5 Rxf5 19. g4 Rf8 20. Ne4 Ne5 21.
Nxd6 Nd3+ 22. Kg3 Nxb4 23. Rd1 Nxa2 24. Be3 c4 25. Rd2 Nc3 26. Nxc3 Bxc3 27.
Re2 Ba5 28. Ra1 Bb4 29. Nxb5 Bxg4 30. Rea2 Bf5 31. Rxa6 Rxa6 32. Rxa6 c3 33.
Rc6 Re8 34. Bd4 c2 35. Bb2 Bd2 36. Nd4 Rb8 37. Ba3 Be4 38. Rc5 Be3 39. Rc3 Bxd4
40. Rc4 Rb3+ 0-1

[Event "Open 13 2011/2012"]
[Site "Vitrolles"]
[Date "2011.11.26"]
[Round "3"]
[White "Urcun, Gael"]
[Black "Derien, Robert"]
[Result "1-0"]
[WhiteElo "1694"]
[BlackElo "1755"]
[PlyCount "80"]

1. e4 e5 2. Bc4 Nf6 3. d3 Nc6 4. Nc3 Na5 5. Bb3 Nxb3 6. axb3 Be7 7. f4 d6 8.
Nf3 c6 9. h3 Nh5 10. Ne2 Bh4+ 11. Kf1 Ng3+ 12. Nxg3 Bxg3 13. f5 d5 14. Be3 dxe4
15. dxe4 O-O 16. Ke2 Qc7 17. Qd3 Rd8 18. Qc3 b6 19. Ne1 a5 20. Kf3 Bh4 21. Nd3
Bf6 22. g4 g6 23. g5 Be7 24. f6 Bd6 25. h4 Ba6 26. Qe1 Bxd3 27. cxd3 Bb4 28.
Qe2 Rd7 29. h5 Rad8 30. hxg6 fxg6 31. d4 exd4 32. Qc4+ Kf8 33. Bf4 Bd6 34. Rh4
Bxf4 35. Rxf4 d3 36. Qc3 d2 37. Kg4 d1=Q+ 38. Rxd1 Rxd1 39. f7 Qd7+ 40. Kh4
Rh1+ 1-0

[Event "Open 13 2011/2012"]
[Site "Vitrolles"]
[Date "2011.11.26"]
[Round "3"]
[White "Tchifteyan, Philippe"]
[Black "Del Vecchio, Alain"]
[Result "1/2-1/2"]
[WhiteElo "1661"]
[BlackElo "1762"]
[PlyCount "119"]

1. e4 c5 2. Bc4 e6 3. Nc3 Nc6 4. d3 a6 5. a4 Nf6 6. Bg5 Be7 7. f4 d6 8. Nge2 h6
9. Bh4 Nxe4 10. Bxe7 Nxc3 11. Bxd8 Nxd1 12. Rxd1 Nxd8 13. d4 cxd4 14. Nxd4 O-O
15. O-O d5 16. Bd3 Bd7 17. b3 Nc6 18. Nxc6 Bxc6 19. Rde1 Rfe8 20. Re5 f6 21.
Rh5 e5 22. fxe5 fxe5 23. Bg6 Re7 24. Rhf5 d4 25. Bf7+ Kh7 26. Re1 e4 27. Bd5
Rd8 28. Bxc6 bxc6 29. Rf4 e3 30. Kf1 Rd5 31. Ke2 c5 32. Kd3 Ree5 33. Re2 Rf5
34. Rxf5 Rxf5 35. c3 Rd5 36. cxd4 cxd4 37. b4 Kg6 38. Rb2 Kf5 39. b5 axb5 40.
axb5 Ke5 41. b6 Rd8 42. Rb5+ Kd6 43. Kxd4 Kc6+ 44. Kc4 Re8 45. Rb1 e2 46. b7
Kc7 47. Re1 Kxb7 48. Kd3 Kc6 49. Rxe2 Rxe2 50. Kxe2 Kd5 51. Kf3 Ke5 52. Kg4 g6
53. h4 Ke4 54. g3 Ke5 55. Kf3 h5 56. g4 hxg4+ 57. Kxg4 Kf6 58. Kf4 Kf7 59. Kg5
Kg7 60. h5 1/2-1/2

[Event "Open 13 2011/2012"]
[Site "Vitrolles"]
[Date "2011.11.26"]
[Round "3"]
[White "Danielian, Kevin"]
[Black "Vialette, Eric"]
[Result "1-0"]
[WhiteElo "1555"]
[BlackElo "1710"]
[PlyCount "29"]

1. d4 Nf6 2. c4 c5 3. Nf3 g6 4. Nc3 cxd4 5. Nxd4 Nc6 6. g3 Bg7 7. Bg2 O-O 8.
O-O Re8 9. Bg5 Qb6 10. Ndb5 a6 11. Bxf6 axb5 12. Bxg7 Kxg7 13. Nxb5 d6 14. Qb3
Be6 15. Nxd6 1-0

[Event "Open 13 2011/2012"]
[Site "Vitrolles"]
[Date "2011.11.26"]
[Round "3"]
[White "Jullien, Patrick"]
[Black "Estevez, Ange"]
[Result "1/2-1/2"]
[WhiteElo "1674"]
[BlackElo "1634"]
[PlyCount "51"]

1. d4 e5 2. dxe5 Nc6 3. e6 fxe6 4. e4 Nf6 5. Bd3 d5 6. Nc3 dxe4 7. Nxe4 Nxe4 8.
Bxe4 Qxd1+ 9. Kxd1 Bc5 10. f3 O-O 11. Ne2 Rd8+ 12. Ke1 Nd4 13. Bg5 Rf8 14. Rd1
e5 15. c3 Nxe2 16. Kxe2 c6 17. Bh4 Be6 18. b3 Bb6 19. Bf2 Bxf2 20. Kxf2 Rad8
21. Ke2 Bd5 22. Ke3 b5 23. Rd2 Bxe4 24. Rxd8 Rxd8 25. fxe4 Kf7 26. Rf1+ 1/2-1/2

[Event "Open 13 2011/2012"]
[Site "Vitrolles"]
[Date "2011.11.26"]
[Round "3"]
[White "Figier, Anthony"]
[Black "Flores, Antonio"]
[Result "1-0"]
[WhiteElo "1782"]
[BlackElo "1640"]
[PlyCount "49"]

1. e4 Nc6 2. d4 e5 3. Nf3 d6 4. Bb5 Bd7 5. Nc3 Nce7 6. Bxd7+ Qxd7 7. dxe5 Ng6
8. exd6 cxd6 9. O-O h6 10. Re1 Be7 11. Be3 Nf6 12. Qe2 O-O 13. Rad1 a6 14. e5
Ng4 15. exd6 Bxd6 16. Ne4 Bxh2+ 17. Nxh2 Qf5 18. Qxg4 Qb5 19. Nf3 Qxb2 20. Bd4
Qxc2 21. Nh4 Rae8 22. Nxg6 fxg6 23. Qxg6 Re7 24. Nf6+ Rxf6 25. Qxc2 1-0

[Event "Open 13 2011/2012"]
[Site "Vitrolles"]
[Date "2011.11.26"]
[Round "3"]
[White "Joubert, Leo"]
[Black "Parroco, Pierre-Jean"]
[Result "1-0"]
[WhiteElo "1744"]
[BlackElo "1693"]
[PlyCount "59"]

1. d4 g6 2. c4 Bg7 3. Nc3 Nf6 4. e4 d6 5. f4 O-O 6. Nf3 Nbd7 7. Bd3 c5 8. d5 e6
9. dxe6 fxe6 10. O-O Nb6 11. Ng5 Qe7 12. Qe2 Bd7 13. e5 dxe5 14. fxe5 Nh5 15.
Bd2 Rxf1+ 16. Rxf1 Rf8 17. g4 Rxf1+ 18. Kxf1 Bh6 19. Nce4 Bxg5 20. Bxg5 Qf8+
21. Nf6+ Nxf6 22. Bxf6 Qh6 23. g5 Qf8 24. Be4 Qc8 25. Qd3 Be8 26. b3 Nd7 27.
Qd6 Nxf6 28. gxf6 b6 29. Qe7 Qd7 30. f7+ 1-0

[Event "Open 13 2011/2012"]
[Site "Vitrolles"]
[Date "2011.12.17"]
[Round "4"]
[White "Montanelli, Tristan"]
[Black "Madranges, Jean"]
[Result "0-1"]
[WhiteElo "1704"]
[BlackElo "1811"]
[PlyCount "118"]

1. e4 c5 2. a3 e6 3. b4 cxb4 4. axb4 Bxb4 5. Bb2 Nf6 6. e5 Nd5 7. Qg4 Bf8 8.
Ra3 Nc6 9. Rg3 Qb6 10. Rb3 Qc7 11. Qe4 a6 12. c4 Nb6 13. Nf3 Na4 14. d4 Qa5+
15. Nfd2 Nxb2 16. Rxb2 Qa1 17. Qc2 Bb4 18. d5 Nd4 19. Qc1 Ba3 20. Bd3 Qxb2 21.
Qd1 Bb4 22. O-O Bxd2 23. Nxd2 Nf5 24. Re1 b5 25. g4 Nh6 26. dxe6 dxe6 27. Be4
Ra7 28. Bc6+ Bd7 29. Bf3 O-O 30. cxb5 Bxb5 31. Ne4 Rd7 32. Nd6 Qb4 33. Re4 Qc5
34. Qa1 Rxd6 35. exd6 Qxd6 36. Rd4 Qc5 37. h3 Rc8 38. Kg2 g6 39. Kh2 Qe5+ 40.
Kg2 Qc5 41. Kh2 e5 42. Rd2 Qc3 43. Qd1 Qc1 44. Rd8+ Kg7 45. Qd6 Qf4+ 46. Kg2
Rxd8 47. Qxd8 Bf1+ 48. Kxf1 Qxf3 49. g5 Qxh3+ 50. Ke1 Ng4 51. Qa8 Qd3 52. f3
Qe3+ 53. Kd1 Nf2+ 54. Kc2 Qxg5 55. Qxa6 Qe3 56. Qc6 Qd3+ 57. Kb2 Nd1+ 58. Ka2
Qc3 59. Qb5 Qb2+ 0-1

[Event "Open 13 2011/2012"]
[Site "Vitrolles"]
[Date "2011.12.17"]
[Round "4"]
[White "Jean, Nicolas"]
[Black "Navarro, Bertrand"]
[Result "1-0"]
[WhiteElo "1805"]
[BlackElo "1687"]
[PlyCount "55"]

1. e4 c5 2. Nf3 a6 3. c4 Nc6 4. d4 cxd4 5. Nxd4 e5 6. Nc2 Qc7 7. Nc3 Nf6 8. Be3
d6 9. b3 g6 10. Be2 Be6 11. O-O Bg7 12. f3 Nh5 13. Qd2 f5 14. Bf2 Qe7 15. Bb6
f4 16. Rfd1 Bf8 17. b4 Nf6 18. b5 Nb8 19. Nb4 a5 20. Nc2 Nbd7 21. Bc7 Rc8 22.
b6 Nxb6 23. Bxb6 Bxc4 24. Bxc4 Rxc4 25. Bxa5 d5 26. Nxd5 Qc5+ 27. Nce3 Nxd5 28.
Qxd5 1-0

[Event "Open 13 2011/2012"]
[Site "Vitrolles"]
[Date "2011.12.17"]
[Round "4"]
[White "Saada, Claude"]
[Black "Panagiotopoulos, Christos"]
[Result "1/2-1/2"]
[WhiteElo "1812"]
[BlackElo "1820"]
[PlyCount "49"]
[EventDate "2011.??.??"]

1. d4 Nf6 2. c4 g6 3. Nf3 Bg7 4. Nc3 O-O 5. e3 d6 6. Be2 b6 7. O-O Bb7 8. Qc2
Nbd7 9. e4 c5 10. d5 e5 11. dxe6 fxe6 12. Rd1 Qe7 13. Bg5 Ne5 14. Nxe5 dxe5 15.
Rd2 Rfd8 16. Rad1 Bc6 17. Bg4 Rd4 18. b3 Rad8 19. f4 Qd6 20. Rxd4 cxd4 21. Bxf6
Bxf6 22. f5 Qb4 23. Ne2 exf5 24. exf5 Qc5 25. Ng3 1/2-1/2

[Event "Open 13 2011/2012"]
[Site "Vitrolles"]
[Date "2011.12.17"]
[Round "4"]
[White "Giraud, Sylvain"]
[Black "Nari, Alain"]
[Result "1/2-1/2"]
[WhiteElo "1770"]
[BlackElo "1770"]
[PlyCount "142"]

1. e4 c5 2. Nf3 a6 3. c3 Nf6 4. e5 Nd5 5. d4 e6 6. c4 Nc7 7. Bg5 Be7 8. Bxe7
Qxe7 9. Nbd2 cxd4 10. Nxd4 Nc6 11. Nxc6 dxc6 12. Bd3 O-O 13. O-O Rd8 14. Qc2 g6
15. Ne4 Ne8 16. Qc3 c5 17. a4 a5 18. Rad1 b6 19. Be2 Bb7 20. Bf3 Bxe4 21. Bxe4
Rab8 22. Rd3 Nc7 23. Rh3 Na6 24. Qe3 Qf8 25. f4 Rd4 26. f5 exf5 27. Bxf5 gxf5
28. Rxf5 Rbd8 29. Rg5+ Kh8 30. Rxh7+ Kxh7 31. Rh5+ Kg8 32. Rg5+ Qg7 33. Rxg7+
Kxg7 34. Qg5+ Kf8 35. Qh6+ Ke8 36. Qc6+ R8d7 37. Qc8+ Ke7 38. Qxa6 Rd1+ 39. Kf2
R1d2+ 40. Kg3 Rxb2 41. Qa8 Rdd2 42. Qb7+ Kf8 43. Qc8+ Ke7 44. Qc7+ Rd7 45. Qc6
Rb3+ 46. Kg4 Rd4+ 47. Kf5 Rb4 48. Qf6+ Ke8 49. Qc6+ Kf8 50. Qh6+ Ke8 51. Qc6+
Rd7 52. Kf6 Rxc4 53. Qc8+ Rd8 54. Qc6+ Kf8 55. g3 Rg4 56. Qc7 Rg6+ 57. Kf5 Re8
58. g4 Rge6 59. h4 Rxe5+ 60. Qxe5 Rxe5+ 61. Kxe5 Kg7 62. Ke4 Kf6 63. Kf4 Kg7
64. Ke5 Kg6 65. Ke4 Kf6 66. Kf4 Ke6 67. g5 Ke7 68. h5 Kf8 69. Kf5 Ke7 70. Ke5
Kf8 71. Kf5 Kg7 1/2-1/2

[Event "Open 13 2011/2012"]
[Site "Vitrolles"]
[Date "2011.12.17"]
[Round "4"]
[White "Derien, Robert"]
[Black "Beraud, Robert"]
[Result "0-1"]
[WhiteElo "1755"]
[BlackElo "1810"]
[PlyCount "118"]

1. e4 e5 2. Bc4 Nf6 3. Nc3 Nxe4 4. Bxf7+ Kxf7 5. Nxe4 d5 6. Qh5+ Kg8 7. Ng3 Nc6
8. c3 g6 9. Qd1 Qf6 10. d3 Bc5 11. Nf3 Bg4 12. Be3 Bxf3 13. gxf3 Bb6 14. h4 h6
15. Qd2 Kg7 16. O-O-O d4 17. Bg5 hxg5 18. hxg5 Qxf3 19. Rxh8 Rxh8 20. Ne4 Qf4
21. Kc2 Qxd2+ 22. Kxd2 dxc3+ 23. bxc3 Rh2 24. Ke2 Nd8 25. Rb1 Ne6 26. Rb5 Nf4+
27. Kd2 Bxf2 28. Nxf2 Rxf2+ 29. Ke3 Re2+ 30. Kf3 Re1 31. Rxb7 Ne6 32. Kf2 Rc1
33. c4 Rc3 34. Ke3 Ra3 35. Rb5 Rxa2 36. Rxe5 Kf7 37. Rd5 Ke7 38. c5 c6 39. Rd6
Nxc5 40. Rxc6 Ne6 41. d4 Ra5 42. Kd3 Rxg5 43. Ra6 Rd5 44. Rxa7+ Kf6 45. Ra6
Rxd4+ 46. Ke3 Rb4 47. Kf3 Rc4 48. Rb6 Kf5 49. Rb5+ Rc5 50. Rb4 Rc3+ 51. Kf2 Nf4
52. Rb8 Kg4 53. Rb4 g5 54. Ra4 Rc2+ 55. Kg1 Rd2 56. Kf1 Kg3 57. Ke1 Re2+ 58.
Kf1 Rf2+ 59. Ke1 Nd3+ 0-1

[Event "Open 13 2011/2012"]
[Site "Vitrolles"]
[Date "2011.12.17"]
[Round "4"]
[White "Savalle, Mathilde"]
[Black "Urcun, Gael"]
[Result "1/2-1/2"]
[WhiteElo "1617"]
[BlackElo "1694"]
[PlyCount "83"]

1. e4 c6 2. d4 d5 3. Nc3 dxe4 4. Nxe4 Bf5 5. Ng3 Bg6 6. h4 h6 7. h5 Bh7 8. Nf3
Nd7 9. Bd3 Bxd3 10. Qxd3 e6 11. Bd2 Ngf6 12. O-O-O Be7 13. Rde1 O-O 14. Ne4
Nxe4 15. Qxe4 Nf6 16. Qe2 c5 17. g4 cxd4 18. g5 hxg5 19. Bxg5 d3 20. Qxd3 Qxd3
21. cxd3 Rac8+ 22. Kb1 Nd5 23. Reg1 Rc7 24. Bh6 Bf6 25. Bxg7 Bxg7 26. h6 f6 27.
Nd4 Nf4 28. hxg7 Rxg7 29. Rxg7+ Kxg7 30. Rh4 e5 31. Rxf4 exf4 32. Ne6+ Kf7 33.
Nxf8 Kxf8 34. Kc2 Ke7 35. Kc3 Kd6 36. Kd4 f5 37. f3 b6 38. b3 a6 39. a3 Ke6 40.
Kc4 Kd6 41. d4 b5+ 42. Kc3 1/2-1/2

[Event "Open 13 2011/2012"]
[Site "Vitrolles"]
[Date "2011.12.17"]
[Round "4"]
[White "Girard, Jean-Pierre"]
[Black "Danielian, Kevin"]
[Result "1/2-1/2"]
[WhiteElo "1876"]
[BlackElo "1555"]
[PlyCount "146"]

1. e4 e6 2. d4 d5 3. Nd2 c5 4. Ngf3 Nc6 5. Bb5 Bd7 6. exd5 exd5 7. O-O Nf6 8.
Re1+ Be7 9. dxc5 O-O 10. Nb3 Bg4 11. h3 Bh5 12. Bg5 Rc8 13. c3 a6 14. Be2 Re8
15. Nfd4 Nxd4 16. cxd4 Bxe2 17. Rxe2 h6 18. Bxf6 Bxf6 19. Qd3 Qd7 20. Rae1 Rxe2
21. Rxe2 Re8 22. Nc1 Rxe2 23. Nxe2 Qa4 24. Qb3 Qxb3 25. axb3 Kf8 26. f4 Ke7 27.
Kf2 Kd7 28. Ke3 Kc6 29. Kd3 Kb5 30. Nc3+ Kc6 31. g4 g6 32. Nd1 Be7 33. Ne3 Bf6
34. f5 Bg5 35. fxg6 fxg6 36. Ng2 h5 37. Ne1 hxg4 38. hxg4 Bf4 39. Nf3 g5 40. b4
Kd7 41. b3 Ke6 42. Ng1 Kd7 43. Ne2 Bc7 44. Nc3 Kc6 45. Nd1 Bf4 46. Kc3 Kd7 47.
Nb2 Bg3 48. Nd3 Kc6 49. Ne5+ Kb5 50. Nf7 Be1+ 51. Kc2 Bh4 52. Nd6+ Kc6 53. Nf5
Kd7 54. Kd2 Bf2 55. Ke2 Bg1 56. Kf3 Bh2 57. Ke2 Bf4 58. Kd3 Ke6 59. Kc3 Kd7 60.
b5 a5 61. Kd3 Bc7 62. Ne3 Ke6 63. b6 Bf4 64. Ng2 Bg3 65. Ke2 Kd7 66. Kf3 Bb8
67. Ne1 Kc6 68. Ke3 Bf4+ 69. Kd3 Bg3 70. Nf3 Bf4 71. Kc3 Kb5 72. Ne1 Bg3 73.
Nd3 Kc6 1/2-1/2

[Event "Open 13 2011/2012"]
[Site "Vitrolles"]
[Date "2011.12.17"]
[Round "4"]
[White "Bertrand, Alexandre"]
[Black "Tchifteyan, Philippe"]
[Result "1-0"]
[WhiteElo "1645"]
[BlackElo "1661"]
[PlyCount "125"]

1. d4 d5 2. c4 c6 3. Nc3 Nf6 4. e3 e6 5. Nf3 Bd6 6. cxd5 exd5 7. Bd3 Bg4 8. O-O
Qc7 9. h3 Bh5 10. Be2 Nbd7 11. a3 h6 12. Nd2 Bg6 13. Bf3 Bf5 14. e4 dxe4 15.
Ndxe4 Nxe4 16. Nxe4 Be7 17. Re1 Be6 18. Bg4 Nf8 19. Nc5 Bxg4 20. Qxg4 Ng6 21.
Ne6 fxe6 22. Qxg6+ Kf8 23. Qxe6 Bf6 24. d5 cxd5 25. Qxd5 Rd8 26. Qb3 Qf7 27.
Qb4+ Kg8 28. Be3 a6 29. Red1 Kh7 30. Qe4+ Qg6 31. Qxb7 Rb8 32. Qxa6 Bxb2 33.
Qxg6+ Kxg6 34. Ra2 Rb3 35. Rd6+ Kf7 36. Rb6 Rb8 37. Rxb8 Rxb8 38. a4 Be5 39. g3
Ra8 40. a5 Ra6 41. Bb6 Bc3 42. Kf1 Ke6 43. Ke2 Kd5 44. Kd3 Be1 45. Bd4 g6 46.
Bc3 Bxc3 47. Kxc3 Kc5 48. h4 h5 49. Ra1 Rf6 50. a6 Rf3+ 51. Kd2 Rxf2+ 52. Ke3
Rf8 53. a7 Ra8 54. Kf4 Kd4 55. Kg5 Ke3 56. Kxg6 Kf3 57. Ra3+ Kg4 58. Kf6 Rf8+
59. Ke7 Ra8 60. Kd7 Kh3 61. Kc7 Rxa7+ 62. Rxa7 Kxg3 63. Ra4 1-0

[Event "Open 13 2011/2012"]
[Site "Vitrolles"]
[Date "2011.12.17"]
[Round "4"]
[White "Faure, Alexandre"]
[Black "Israel, Daniel"]
[Result "1-0"]
[WhiteElo "1742"]
[BlackElo "1837"]
[PlyCount "93"]

1. e4 c5 2. c3 Nc6 3. d4 cxd4 4. cxd4 d6 5. Nc3 g6 6. Nf3 Bg7 7. Bc4 Nf6 8. O-O
O-O 9. h3 Bd7 10. Qe2 e5 11. d5 Na5 12. Bd3 b6 13. Ba6 Rb8 14. b3 Nb7 15. Bxb7
Rxb7 16. Ba3 Ne8 17. Nb5 Bc8 18. Rac1 Rd7 19. Nc3 f5 20. Rfd1 Rdf7 21. Ne1 Qh4
22. Nf3 Qh5 23. exf5 Bxf5 24. Nb5 Bxh3 25. Nfd4 Qg5 26. f4 Qxf4 27. Ne6 Bxe6
28. dxe6 Rf5 29. e7 R8f7 30. Nxd6 Rh5 31. Nxf7 Qh2+ 32. Kf2 Rf5+ 33. Ke1 Rxf7
34. Rd8 Rxe7 35. Bxe7 Qg1+ 36. Qf1 Qxf1+ 37. Kxf1 Kf7 38. Ba3 e4 39. Rd7+ Kf6
40. Rc6+ Kf5 41. Re7 Nf6 42. Rxg7 Nd5 43. Rxh7 e3 44. Bc1 Ke4 45. Re6+ Kf5 46.
Rxe3 Nxe3+ 47. Bxe3 1-0

[Event "Open 13 2011/2012"]
[Site "Vitrolles"]
[Date "2011.12.17"]
[Round "4"]
[White "Charvein, Gabriel"]
[Black "Mosse, Laurent"]
[Result "0-1"]
[WhiteElo "1721"]
[BlackElo "1796"]
[PlyCount "88"]

1. Nf3 Nc6 2. d4 e6 3. c4 Bb4+ 4. Nc3 d5 5. a3 Bxc3+ 6. bxc3 Nf6 7. Bg5 h6 8.
Bh4 g5 9. Nxg5 hxg5 10. Bxg5 Rh5 11. Qc1 Qe7 12. Qf4 Rxg5 13. Qxg5 Bd7 14. c5
O-O-O 15. Rb1 e5 16. Qd2 Bf5 17. Rb2 exd4 18. cxd4 Ne4 19. Qd1 Na5 20. e3 Rg8
21. Qa4 b6 22. Ba6+ Kd8 23. Bf1 Bd7 24. Qc2 Bf5 25. Qa4 Bd7 26. Qd1 f5 27. g3
Nc3 28. Qf3 Qe6 29. h4 Nc4 30. Bxc4 dxc4 31. Qa8+ Ke7 32. Qxa7 Qe4 33. Rg1 Nd5
34. cxb6 cxb6 35. Qa6 Qd3 36. Rd2 Qb1+ 37. Rd1 Qc2 38. Rd2 Qb3 39. Rd1 c3 40.
Qd3 Qb2 41. Qb1 Qxa3 42. e4 Qa5 43. Kf1 Rc8 44. Qd3 Bb5 0-1